Το άνθος : το σοφώτατον δημιούργημα του Πλάστου
Αποθηκεύτηκε σε:
| Κύριος συγγραφέας: | |
|---|---|
| Μορφή: | Βιβλίο |
| Γλώσσα: | Greek |
| Δημοσίευση: |
Θεσσαλονίκη :
[χ.ό.],
1967
|
| Θέματα: | |
| Ετικέτες: |
Προσθήκη ετικέτας
Δεν υπάρχουν, Καταχωρήστε ετικέτα πρώτοι!
|
MARC
| LEADER | 00000cam a2200000 i 4500 | ||
|---|---|---|---|
| 001 | 1/99139 | ||
| 008 | 081211s1967 gre d | ||
| 035 | |l 10102348 | ||
| 040 | |a GR-MY-UA |b gre |e aacr | ||
| 041 | 0 | |a gre | |
| 082 | 0 | |a 582.13 |2 (22) | |
| 100 | 1 | |a Χαριστός, Παύλος Αστ. | |
| 245 | 1 | 3 | |a Το άνθος : |b το σοφώτατον δημιούργημα του Πλάστου / |c Παύλου Αστ. Χαριστού |
| 260 | |a Θεσσαλονίκη : |b [χ.ό.], |c 1967 | ||
| 300 | |a 120 σ.; |c 20 εκ. | ||
| 500 | |a Υπό του τίτλου: "Σχηματισμός, γονιμοποίησις, έρωτες, περίεργα, χρησιμοποίησις, εμπόριον κ.λ.π." | ||
| 650 | 0 | 0 | |a Flowers. |
| 650 | 0 | 0 | |a Botany. |
| 650 | 0 | 0 | |a Plants. |
| 852 | |a INST |b RHODES |c AKA |e 20081211 |h 582.13 ΧΑΡ |p 005400031489 |q 005400031489 |t BK |y 0 | ||
| 901 | |a BIBL4-2008-3 | ||
| 909 | |a Ρ |b 156549 | ||
| 970 | |a ΧΑΡΙΟΠΟΛΙΤΟΥ |b ΚΩΝΣΤΑΝΤΙΝΑ |z 2008/12/11 | ||